[Event "Rapid 2018"]
[Site "Saint-Petersburg"]
[Date "2018.12.28"]
[Round "12"]
[Board "79"]
[White "Reshetnikov Alexey (RUS)"]
[Black "Christiansen Johan-Sebastian (NOR)"]
[Result "1-0"]
[LiveChessVersion "1.4.8"]
[BlackElo "2421"]
[WhiteElo "2537"]

1. c4 {[%clk 0:15:18]} e5 {[%clk 0:15:18]} 2. Nc3 {[%clk 0:15:26]} Nc6
{[%clk 0:15:23]} 3. g3 {[%clk 0:15:34]} Bc5 {[%clk 0:15:31]} 4. Bg2
{[%clk 0:15:43]} d6 {[%clk 0:15:39]} 5. e3 {[%clk 0:15:50]} a6 {[%clk 0:15:41]}
6. Nge2 {[%clk 0:15:57]} Ba7 {[%clk 0:15:47]} 7. b3 {[%clk 0:14:08]} h5
{[%clk 0:15:55]} 8. h3 {[%clk 0:12:49]} h4 {[%clk 0:16:03]} 9. g4
{[%clk 0:12:58]} f5 {[%clk 0:16:12]} 10. gxf5 {[%clk 0:12:26]} Bxf5
{[%clk 0:16:20]} 11. Be4 {[%clk 0:12:08]} Qd7 {[%clk 0:15:22]} 12. Qc2
{[%clk 0:11:42]} Bxe4 {[%clk 0:14:00]} 13. Nxe4 {[%clk 0:11:42]} O-O-O
{[%clk 0:14:07]} 14. Ba3 {[%clk 0:11:42]} Nge7 {[%clk 0:13:06]} 15. N2c3
{[%clk 0:11:29]} Rdf8 {[%clk 0:10:47]} 16. Qd1 {[%clk 0:10:25]} Nf5
{[%clk 0:06:12]} 17. Qg4 {[%clk 0:10:19]} Kb8 {[%clk 0:06:18]} 18. O-O-O
{[%clk 0:10:16]} Nd8 {[%clk 0:05:46]} 19. Rhg1 {[%clk 0:09:05]} Ne6
{[%clk 0:05:43]} 20. Kb1 {[%clk 0:08:30]} Ka8 {[%clk 0:05:26]} 21. Qe2
{[%clk 0:07:53]} Rb8 {[%clk 0:05:23]} 22. d3 {[%clk 0:07:42]} Rhf8
{[%clk 0:05:13]} 23. Rg6 {[%clk 0:07:41]} b5 {[%clk 0:04:35]} 24. Bb2
{[%clk 0:07:49]} Rb7 {[%clk 0:04:09]} 25. Qg4 {[%clk 0:07:30]} Nd8
{[%clk 0:03:16]} 26. Rg5 {[%clk 0:06:26]} Qf7 {[%clk 0:03:10]} 27. Rg1
{[%clk 0:04:52]} b4 {[%clk 0:02:34]} 28. Ne2 a5 29. Qh5 {[%clk 0:04:16]} Qd7
{[%clk 0:02:34]} 30. Rg6 {[%clk 0:03:29]} a4 {[%clk 0:02:41]} 31. R1g5
{[%clk 0:03:30]} a3 {[%clk 0:02:48]} 32. Ba1 {[%clk 0:03:35]} d5 {[%clk 0:02:07]}
33. cxd5 {[%clk 0:03:28]} Qxd5 {[%clk 0:02:16]} 34. Nc1 {[%clk 0:03:34]} Qd7
{[%clk 0:01:41]} 35. Qg4 {[%clk 0:03:33]} Rf7 {[%clk 0:01:12]} 36. Nd2
{[%clk 0:02:31]} Rb5 {[%clk 0:00:34]} 37. Nc4 {[%clk 0:02:34]} Rf8
{[%clk 0:00:14]} 38. Rxg7 {[%clk 0:02:19]} Qc8 {[%clk 0:00:15]} 39. Rg8
{[%clk 0:02:22]} Rf6 {[%clk 0:00:11]} 40. Bxe5 {[%clk 0:02:09]} Rf7
{[%clk 0:00:17]} 41. e4 {[%clk 0:01:49]} Rxe5 {[%clk 0:00:12]} 42. Nxe5
{[%clk 0:01:57]} Qe6 {[%clk 0:00:17]} 43. Rxf5 {[%clk 0:01:50]} Kb7
{[%clk 0:00:12]} 44. Nxf7 {[%clk 0:01:41]} Nc6 {[%clk 0:00:18]} 45. Rb5+
{[%clk 0:01:44]} 1-0

[Event "Rapid 2018"]
[Site "Saint-Petersburg"]
[Date "2018.12.28"]
[Round "12"]
[Board "80"]
[White "Vaisser Anatoli (FRA)"]
[Black "Al-Sayed Mohammed (QAT)"]
[Result "0-1"]
[LiveChessVersion "1.4.8"]
[BlackElo "2419"]
[WhiteElo "2530"]

1. d4 {[%clk 0:15:18]} d5 {[%clk 0:15:19]} 2. c4 {[%clk 0:15:25]} c6
{[%clk 0:15:27]} 3. cxd5 {[%clk 0:15:33]} cxd5 {[%clk 0:15:35]} 4. Bf4
{[%clk 0:15:41]} Nc6 {[%clk 0:15:39]} 5. e3 {[%clk 0:15:46]} Nf6 {[%clk 0:15:45]}
6. Nc3 {[%clk 0:15:55]} Bf5 {[%clk 0:15:38]} 7. Qb3 {[%clk 0:15:52]} Na5
{[%clk 0:15:46]} 8. Qa4+ {[%clk 0:15:56]} Bd7 {[%clk 0:15:54]} 9. Bb5
{[%clk 0:15:58]} Nc6 {[%clk 0:15:50]} 10. Nf3 {[%clk 0:15:54]} e6
{[%clk 0:15:00]} 11. O-O {[%clk 0:15:43]} Be7 {[%clk 0:15:07]} 12. h3
{[%clk 0:15:27]} O-O {[%clk 0:15:00]} 13. Rac1 {[%clk 0:15:25]} a6
{[%clk 0:13:28]} 14. Bxc6 {[%clk 0:15:33]} Bxc6 {[%clk 0:13:37]} 15. Qb3
{[%clk 0:15:36]} Nd7 {[%clk 0:13:26]} 16. Rc2 {[%clk 0:14:57]} Qb6
{[%clk 0:13:28]} 17. Qxb6 {[%clk 0:13:49]} Nxb6 {[%clk 0:13:36]} 18. Ne5
{[%clk 0:13:27]} Rfc8 {[%clk 0:13:44]} 19. Rfc1 {[%clk 0:12:53]} Be8
{[%clk 0:13:52]} 20. Ne2 {[%clk 0:10:06]} Rxc2 {[%clk 0:13:31]} 21. Rxc2
{[%clk 0:10:14]} f6 {[%clk 0:13:39]} 22. Nd3 {[%clk 0:10:10]} g5 {[%clk 0:12:01]}
23. Bg3 {[%clk 0:10:16]} Bg6 {[%clk 0:12:08]} 24. Nec1 {[%clk 0:10:24]} Rc8
{[%clk 0:08:55]} 25. Rc7 {[%clk 0:09:43]} Rxc7 {[%clk 0:08:51]} 26. Bxc7
{[%clk 0:09:52]} Nc4 {[%clk 0:08:54]} 27. Kf1 {[%clk 0:09:44]} Kf7
{[%clk 0:08:42]} 28. Ke2 {[%clk 0:09:40]} Ke8 {[%clk 0:08:51]} 29. b3
{[%clk 0:08:50]} Kd7 {[%clk 0:08:59]} 30. Bb8 {[%clk 0:08:19]} Na5
{[%clk 0:08:38]} 31. Ba7 {[%clk 0:07:50]} Kc7 {[%clk 0:07:26]} 32. Bc5
{[%clk 0:07:46]} Bd8 {[%clk 0:07:35]} 33. Bf8 {[%clk 0:06:58]} b6
{[%clk 0:07:31]} 34. Nb4 {[%clk 0:06:28]} Kb7 {[%clk 0:07:22]} 35. Ncd3
{[%clk 0:06:35]} Nc6 {[%clk 0:06:50]} 36. Nxc6 {[%clk 0:06:43]} Kxc6
{[%clk 0:06:59]} 37. Nb4+ {[%clk 0:06:32]} Kb7 {[%clk 0:07:07]} 38. Nd3
{[%clk 0:06:37]} a5 {[%clk 0:07:13]} 39. a4 {[%clk 0:06:22]} Kc6 {[%clk 0:07:20]}
40. Kd2 {[%clk 0:06:20]} Kd7 {[%clk 0:07:13]} 41. Kc3 {[%clk 0:05:41]} Bc7
{[%clk 0:07:21]} 42. Ne1 {[%clk 0:04:41]} h5 {[%clk 0:06:29]} 43. g4
{[%clk 0:04:19]} h4 {[%clk 0:06:26]} 44. f3 {[%clk 0:04:07]} e5 {[%clk 0:06:00]}
45. dxe5 {[%clk 0:03:25]} fxe5 {[%clk 0:04:45]} 46. Bh6 {[%clk 0:03:14]} Bd8
{[%clk 0:04:54]} 47. Nd3 {[%clk 0:03:16]} Kd6 {[%clk 0:03:30]} 48. f4
{[%clk 0:02:27]} gxf4 {[%clk 0:03:02]} 49. exf4 {[%clk 0:02:33]} d4+
{[%clk 0:03:10]} 50. Kd2 {[%clk 0:02:25]} e4 {[%clk 0:03:19]} 51. Ne5
{[%clk 0:02:31]} Be8 {[%clk 0:03:04]} 52. g5 {[%clk 0:02:30]} Ke6
{[%clk 0:01:08]} 53. g6 {[%clk 0:01:43]} Be7 {[%clk 0:01:07]} 54. g7
{[%clk 0:01:38]} Bb4+ {[%clk 0:01:02]} 55. Ke2 {[%clk 0:01:43]} Bh5+
{[%clk 0:00:48]} 56. Kf2 {[%clk 0:01:38]} e3+ {[%clk 0:00:34]} 57. Kg2
{[%clk 0:01:34]} Bf7 {[%clk 0:00:43]} 58. Kf3 {[%clk 0:01:30]} Bg8
{[%clk 0:00:52]} 59. Bg5 {[%clk 0:01:22]} Kf5 {[%clk 0:00:56]} 60. Nc6
{[%clk 0:01:12]} Bc5 {[%clk 0:00:28]} 61. Bxh4 {[%clk 0:00:16]} d3
{[%clk 0:00:17]} 62. Ne7+ {[%clk 0:00:18]} Bxe7 {[%clk 0:00:26]} 63. Bxe7
{[%clk 0:00:27]} d2 {[%clk 0:00:33]} 64. Ke2 {[%clk 0:00:30]} Bxb3
{[%clk 0:00:41]} 0-1

[Event "Rapid 2018"]
[Site "Saint-Petersburg"]
[Date "2018.12.28"]
[Round "12"]
[Board "81"]
[White "Zubritskiy Artyom (RUS)"]
[Black "Mikhalevski Victor (ISR)"]
[Result "0-1"]
[LiveChessVersion "1.4.8"]
[BlackElo "2516"]
[WhiteElo "2397"]

1. d4 {[%clk 0:15:18]} Nf6 {[%clk 0:15:18]} 2. c4 {[%clk 0:15:26]} g6
{[%clk 0:15:25]} 3. g3 {[%clk 0:15:30]} c6 {[%clk 0:15:28]} 4. Bg2
{[%clk 0:15:38]} d5 {[%clk 0:15:38]} 5. Nf3 {[%clk 0:15:25]} Bg7 {[%clk 0:15:39]}
6. O-O {[%clk 0:15:33]} O-O {[%clk 0:15:46]} 7. cxd5 {[%clk 0:15:21]} cxd5
{[%clk 0:15:52]} 8. Ne5 {[%clk 0:15:28]} Ng4 {[%clk 0:15:57]} 9. Nxg4
{[%clk 0:14:15]} Bxg4 {[%clk 0:16:06]} 10. Nc3 {[%clk 0:14:23]} Nc6
{[%clk 0:16:11]} 11. h3 {[%clk 0:13:58]} Bd7 {[%clk 0:16:19]} 12. e3
{[%clk 0:13:55]} e6 {[%clk 0:16:02]} 13. Bd2 {[%clk 0:14:03]} Qe7
{[%clk 0:15:50]} 14. Qe2 {[%clk 0:13:24]} Rfc8 {[%clk 0:15:59]} 15. Rfc1
{[%clk 0:13:31]} Qd8 {[%clk 0:15:44]} 16. Qe1 {[%clk 0:11:43]} Bf8
{[%clk 0:13:30]} 17. Qe2 {[%clk 0:09:23]} Na5 {[%clk 0:13:21]} 18. e4
{[%clk 0:08:20]} dxe4 {[%clk 0:12:09]} 19. Nxe4 {[%clk 0:08:28]} Nc6
{[%clk 0:09:15]} 20. Bg5 {[%clk 0:07:45]} Be7 {[%clk 0:09:17]} 21. Bxe7
{[%clk 0:06:52]} Qxe7 {[%clk 0:09:23]} 22. Qd2 {[%clk 0:06:42]} Rd8
{[%clk 0:07:36]} 23. Qc3 {[%clk 0:03:14]} Nb4 {[%clk 0:07:19]} 24. Nf6+
{[%clk 0:02:00]} Qxf6 {[%clk 0:07:11]} 25. Qxb4 {[%clk 0:02:09]} Rab8
{[%clk 0:06:39]} 26. Rc7 {[%clk 0:02:08]} Bc6 {[%clk 0:06:27]} 27. Rd1
{[%clk 0:01:17]} Qf5 {[%clk 0:03:29]} 28. Rd2 {[%clk 0:00:41]} Rbc8
{[%clk 0:02:58]} 29. Rxc8 {[%clk 0:00:28]} Rxc8 {[%clk 0:03:07]} 30. Bxc6
{[%clk 0:00:27]} Rxc6 {[%clk 0:03:14]} 31. Qxb7 {[%clk 0:00:19]} Rc1+
{[%clk 0:00:47]} 32. Kh2 {[%clk 0:00:26]} Kg7 {[%clk 0:00:55]} 33. Qg2
{[%clk 0:00:19]} Qa5 {[%clk 0:00:58]} 34. f4 {[%clk 0:00:16]} Qxa2
{[%clk 0:01:01]} 35. d5 {[%clk 0:00:17]} exd5 {[%clk 0:01:08]} 36. Rxd5
{[%clk 0:00:26]} Qb3 {[%clk 0:01:10]} 37. Rd2 {[%clk 0:00:34]} Re1
{[%clk 0:00:54]} 38. Qf2 {[%clk 0:00:32]} Qe6 {[%clk 0:01:02]} 39. Qd4+
{[%clk 0:00:29]} Kh6 {[%clk 0:01:06]} 40. Qf2 {[%clk 0:00:25]} a5
{[%clk 0:00:57]} 41. Qg2 {[%clk 0:00:18]} a4 {[%clk 0:01:02]} 42. Qf2
{[%clk 0:00:26]} Qe4 {[%clk 0:00:33]} 43. Qg2 {[%clk 0:00:35]} Qe3
{[%clk 0:00:40]} 44. Qf2 {[%clk 0:00:36]} Qe6 {[%clk 0:00:34]} 45. Qg2
{[%clk 0:00:42]} Re3 {[%clk 0:00:32]} 46. Qf2 {[%clk 0:00:47]} Qe4
{[%clk 0:00:38]} 47. Qg2 {[%clk 0:00:42]} Qe6 {[%clk 0:00:28]} 48. Qf2
{[%clk 0:00:48]} f5 {[%clk 0:00:35]} 49. Qg2 {[%clk 0:00:45]} Qe7
{[%clk 0:00:31]} 50. Qf2 {[%clk 0:00:48]} Qe4 {[%clk 0:00:38]} 51. Qg2
{[%clk 0:00:56]} Rb3 {[%clk 0:00:41]} 52. Qf2 {[%clk 0:00:33]} Rf3
{[%clk 0:00:35]} 53. Qg2 {[%clk 0:00:41]} Qe3 {[%clk 0:00:40]} 54. Re2
{[%clk 0:00:36]} Qb3 {[%clk 0:00:48]} 55. Rd2 {[%clk 0:00:41]} Re3
{[%clk 0:00:38]} 56. Qf2 {[%clk 0:00:45]} Qe6 {[%clk 0:00:45]} 57. Qg2
{[%clk 0:00:44]} Qe4 {[%clk 0:00:50]} 58. Qf2 {[%clk 0:00:50]} Kg7
{[%clk 0:00:44]} 59. Rd7+ {[%clk 0:00:51]} Kf6 {[%clk 0:00:51]} 60. Rd2
{[%clk 0:00:47]} Ke7 {[%clk 0:00:54]} 61. Qg2 {[%clk 0:00:19]} h6
{[%clk 0:01:00]} 62. Qf2 {[%clk 0:00:22]} g5 {[%clk 0:01:03]} 63. Rc2
{[%clk 0:00:12]} Kf7 {[%clk 0:00:39]} 64. Rd2 {[%clk 0:00:14]} Kg6
{[%clk 0:00:37]} 65. Rd6+ {[%clk 0:00:21]} Kh5 {[%clk 0:00:43]} 66. Rd2
{[%clk 0:00:13]} gxf4 {[%clk 0:00:40]} 67. Qxf4 {[%clk 0:00:13]} Qxf4
{[%clk 0:00:49]} 68. gxf4 {[%clk 0:00:22]} Kh4 {[%clk 0:00:57]} 69. Rd4
{[%clk 0:00:15]} Rxh3+ {[%clk 0:01:05]} 70. Kg2 {[%clk 0:00:24]} Rb3
{[%clk 0:01:14]} 71. Rxa4 {[%clk 0:00:32]} Kg4 {[%clk 0:01:18]} 72. Ra8
{[%clk 0:00:16]} Rxb2+ {[%clk 0:01:25]} 73. Kg1 {[%clk 0:00:24]} h5
{[%clk 0:01:26]} 74. Rh8 {[%clk 0:00:17]} h4 {[%clk 0:01:29]} 75. Kf1
{[%clk 0:00:24]} Kg3 {[%clk 0:01:34]} 76. Rh5 {[%clk 0:00:19]} h3
{[%clk 0:01:28]} 77. Rg5+ {[%clk 0:00:14]} Kxf4 {[%clk 0:01:26]} 78. Rh5
{[%clk 0:00:23]} h2 {[%clk 0:01:34]} 79. Rh8 {[%clk 0:00:31]} Kg3
{[%clk 0:01:37]} 0-1

[Event "Rapid 2018"]
[Site "Saint-Petersburg"]
[Date "2018.12.28"]
[Round "12"]
[Board "82"]
[White "Anisimov Pavel (RUS)"]
[Black "Pershin Denis (RUS)"]
[Result "1-0"]
[LiveChessVersion "1.4.8"]
[BlackElo "2353"]
[WhiteElo "2513"]

1. d4 {[%clk 0:15:18]} d5 {[%clk 0:15:15]} 2. Nf3 {[%clk 0:15:25]} Nf6
{[%clk 0:15:16]} 3. Bf4 {[%clk 0:15:34]} e6 {[%clk 0:15:17]} 4. e3
{[%clk 0:15:42]} c5 {[%clk 0:15:24]} 5. c3 {[%clk 0:15:43]} Nc6 {[%clk 0:15:31]}
6. Nbd2 {[%clk 0:15:48]} Nh5 {[%clk 0:15:38]} 7. Bg5 {[%clk 0:14:48]} Qb6
{[%clk 0:15:45]} 8. Ne5 {[%clk 0:12:43]} Nf6 {[%clk 0:12:04]} 9. Rb1
{[%clk 0:10:49]} h6 {[%clk 0:11:44]} 10. Bf4 {[%clk 0:10:34]} cxd4
{[%clk 0:10:36]} 11. exd4 {[%clk 0:10:31]} Nxe5 {[%clk 0:10:42]} 12. dxe5
{[%clk 0:09:11]} Nd7 {[%clk 0:10:50]} 13. Bd3 {[%clk 0:08:48]} Nc5
{[%clk 0:10:20]} 14. Bc2 {[%clk 0:08:57]} Qa6 {[%clk 0:10:28]} 15. Nb3
{[%clk 0:06:52]} Bd7 {[%clk 0:10:11]} 16. Nd4 {[%clk 0:06:36]} Rc8
{[%clk 0:08:31]} 17. Ra1 {[%clk 0:06:08]} Be7 {[%clk 0:08:36]} 18. a4
{[%clk 0:06:01]} O-O {[%clk 0:07:29]} 19. f3 {[%clk 0:05:09]} Qc4
{[%clk 0:06:44]} 20. Qd2 {[%clk 0:04:43]} Nxa4 {[%clk 0:05:06]} 21. Bd3
{[%clk 0:02:28]} Qc7 {[%clk 0:05:05]} 22. O-O {[%clk 0:02:35]} Qd8
{[%clk 0:01:50]} 23. Ra2 {[%clk 0:00:44]} Bg5 {[%clk 0:01:36]} 24. Bxg5
{[%clk 0:00:47]} Qxg5 {[%clk 0:01:45]} 25. f4 {[%clk 0:00:50]} Qe7
{[%clk 0:01:28]} 26. Rfa1 {[%clk 0:00:50]} b5 {[%clk 0:00:42]} 27. Bxb5
{[%clk 0:00:40]} Bxb5 {[%clk 0:00:39]} 28. Nxb5 {[%clk 0:00:49]} Qc5+
{[%clk 0:00:37]} 29. Nd4 {[%clk 0:00:58]} Nb6 {[%clk 0:00:44]} 30. Rxa7
{[%clk 0:01:01]} Nc4 {[%clk 0:00:53]} 31. Qe2 {[%clk 0:01:01]} Rb8
{[%clk 0:00:51]} 32. b4 {[%clk 0:00:39]} Qc8 {[%clk 0:00:41]} 33. f5
{[%clk 0:00:35]} exf5 {[%clk 0:00:23]} 34. e6 {[%clk 0:00:44]} fxe6
{[%clk 0:00:25]} 35. Nxe6 {[%clk 0:00:41]} Rf7 {[%clk 0:00:20]} 36. Rxf7
{[%clk 0:00:45]} Kxf7 {[%clk 0:00:28]} 37. Ra7+ {[%clk 0:00:50]} Kf6
{[%clk 0:00:26]} 38. Nxg7 {[%clk 0:00:36]} Rb7 {[%clk 0:00:17]} 39. Nh5+
{[%clk 0:00:44]} Kf7 {[%clk 0:00:26]} 40. Ra6 {[%clk 0:00:36]} Re7
{[%clk 0:00:18]} 41. Rf6+ {[%clk 0:00:45]} Ke8 {[%clk 0:00:28]} 42. Qf2
{[%clk 0:00:43]} Ne3 {[%clk 0:00:23]} 43. Ng7+ {[%clk 0:00:30]} Kd7
{[%clk 0:00:32]} 44. Nxf5 {[%clk 0:00:21]} Qxc3 {[%clk 0:00:30]} 45. Nxe3
{[%clk 0:00:29]} Rxe3 {[%clk 0:00:18]} 46. Qf5+ {[%clk 0:00:38]} Kc7
{[%clk 0:00:26]} 47. Rf7+ {[%clk 0:00:42]} Kb6 {[%clk 0:00:35]} 48. Qf6+
{[%clk 0:00:33]} Qxf6 {[%clk 0:00:43]} 49. Rxf6+ {[%clk 0:00:42]} Kb5
{[%clk 0:00:52]} 50. Kf2 {[%clk 0:00:41]} Re8 {[%clk 0:00:46]} 51. Rf4
{[%clk 0:00:36]} Ka4 {[%clk 0:00:15]} 52. Rd4 {[%clk 0:00:41]} Re5
{[%clk 0:00:24]} 53. Kf3 {[%clk 0:00:44]} Kb3 {[%clk 0:00:33]} 54. Kf4
{[%clk 0:00:41]} Rg5 {[%clk 0:00:22]} 55. b5 {[%clk 0:00:17]} Kc3
{[%clk 0:00:24]} 56. Rd1 {[%clk 0:00:17]} Kc2 {[%clk 0:00:17]} 57. Rd4
{[%clk 0:00:18]} Kc3 {[%clk 0:00:26]} 58. Rd1 {[%clk 0:00:24]} Kc2
{[%clk 0:00:35]} 59. Ra1 {[%clk 0:00:22]} d4 {[%clk 0:00:40]} 60. Ke4
{[%clk 0:00:25]} Rg4+ {[%clk 0:00:38]} 61. Kf3 {[%clk 0:00:26]} Rg5
{[%clk 0:00:44]} 62. b6 {[%clk 0:00:27]} d3 {[%clk 0:00:42]} 63. Ke3
{[%clk 0:00:29]} d2 {[%clk 0:00:30]} 64. Ra2+ {[%clk 0:00:37]} Kc3
{[%clk 0:00:31]} 65. Rxd2 {[%clk 0:00:41]} Re5+ {[%clk 0:00:24]} 66. Kf4
{[%clk 0:00:49]} Re6 {[%clk 0:00:34]} 67. b7 {[%clk 0:00:50]} Rb6
{[%clk 0:00:36]} 68. Rd7 {[%clk 0:00:59]} Kc4 {[%clk 0:00:43]} 69. Rd6
{[%clk 0:01:00]} Rxb7 {[%clk 0:00:48]} 70. Rxh6 {[%clk 0:01:09]} Rf7+
{[%clk 0:00:55]} 71. Kg5 {[%clk 0:01:09]} Rf2 {[%clk 0:00:56]} 72. g4
{[%clk 0:01:17]} Kd5 {[%clk 0:01:05]} 73. h4 {[%clk 0:01:25]} Ke5
{[%clk 0:01:14]} 74. Ra6 {[%clk 0:01:26]} Rf8 {[%clk 0:01:23]} 75. h5
{[%clk 0:01:31]} Rg8+ {[%clk 0:01:32]} 76. Kh4 {[%clk 0:01:40]} Kf4
{[%clk 0:01:37]} 77. Rf6+ {[%clk 0:01:43]} Ke5 {[%clk 0:01:46]} 78. Rf2
{[%clk 0:01:50]} 1-0

[Event "Rapid 2018"]
[Site "Saint-Petersburg"]
[Date "2018.12.28"]
[Round "12"]
[Board "83"]
[White "Gaifullin Artur (RUS)"]
[Black "Oganian Miran (RUS)"]
[Result "0-1"]
[LiveChessVersion "1.4.8"]
[BlackElo "2506"]
[WhiteElo "2156"]

1. Nf3 {[%clk 0:15:18]} Nf6 {[%clk 0:15:11]} 2. e3 {[%clk 0:15:21]} b6
{[%clk 0:15:05]} 3. c4 {[%clk 0:15:02]} Bb7 {[%clk 0:15:12]} 4. b3
{[%clk 0:15:10]} g6 {[%clk 0:15:09]} 5. Bb2 {[%clk 0:15:16]} Bg7 {[%clk 0:15:18]}
6. d4 {[%clk 0:15:18]} O-O {[%clk 0:15:24]} 7. Nc3 {[%clk 0:15:17]} e6
{[%clk 0:15:08]} 8. Be2 {[%clk 0:15:15]} Qe7 {[%clk 0:14:57]} 9. O-O
{[%clk 0:15:23]} c5 {[%clk 0:14:59]} 10. dxc5 {[%clk 0:13:39]} bxc5
{[%clk 0:15:06]} 11. Nb5 {[%clk 0:13:47]} Ne8 {[%clk 0:14:12]} 12. Bxg7
{[%clk 0:12:37]} Kxg7 {[%clk 0:14:20]} 13. Qc2 {[%clk 0:12:42]} a6
{[%clk 0:13:50]} 14. Nc3 {[%clk 0:12:50]} Nc6 {[%clk 0:13:28]} 15. Rad1
{[%clk 0:12:59]} Rd8 {[%clk 0:13:22]} 16. Qb2 {[%clk 0:12:25]} Kg8
{[%clk 0:13:23]} 17. Ne1 {[%clk 0:11:34]} f5 {[%clk 0:12:50]} 18. Bf3
{[%clk 0:10:50]} Nf6 {[%clk 0:12:50]} 19. g3 {[%clk 0:10:20]} g5 {[%clk 0:12:48]}
20. Bg2 {[%clk 0:10:27]} g4 {[%clk 0:12:34]} 21. Nd3 {[%clk 0:08:33]} d6
{[%clk 0:12:02]} 22. Nf4 {[%clk 0:08:38]} Ne5 {[%clk 0:11:42]} 23. e4
{[%clk 0:06:55]} Nxe4 {[%clk 0:09:34]} 24. b4 {[%clk 0:03:08]} Nxc3
{[%clk 0:04:59]} 25. Qxc3 {[%clk 0:03:17]} Bxg2 {[%clk 0:04:59]} 26. Nxg2
{[%clk 0:03:25]} Nf3+ {[%clk 0:04:19]} 27. Kh1 {[%clk 0:03:34]} e5
{[%clk 0:02:30]} 28. Rd5 {[%clk 0:03:04]} Rf6 {[%clk 0:02:17]} 29. Rfd1
{[%clk 0:02:55]} Nd4 {[%clk 0:02:07]} 30. Qe3 {[%clk 0:02:28]} Re6
{[%clk 0:01:50]} 31. a3 {[%clk 0:02:33]} Rc8 {[%clk 0:01:34]} 32. bxc5
{[%clk 0:02:00]} Rxc5 {[%clk 0:01:04]} 33. Rxc5 {[%clk 0:01:50]} dxc5
{[%clk 0:01:12]} 34. Rb1 {[%clk 0:01:59]} Rd6 {[%clk 0:00:54]} 35. Nh4
{[%clk 0:01:39]} Kf7 {[%clk 0:00:16]} 36. f3 {[%clk 0:01:11]} gxf3
{[%clk 0:00:17]} 37. Nxf3 {[%clk 0:01:19]} Nxf3 {[%clk 0:00:16]} 38. Qxf3
{[%clk 0:01:28]} Kg6 {[%clk 0:00:17]} 39. h4 {[%clk 0:01:08]} Qd7
{[%clk 0:00:16]} 40. Rb7 {[%clk 0:00:50]} Qc6 {[%clk 0:00:14]} 41. Qxc6
{[%clk 0:00:53]} Rxc6 {[%clk 0:00:23]} 42. a4 {[%clk 0:00:39]} Rd6
{[%clk 0:00:24]} 43. a5 {[%clk 0:00:46]} Rd4 {[%clk 0:00:24]} 44. Rb6+
{[%clk 0:00:53]} Kh5 {[%clk 0:00:33]} 45. Rxa6 {[%clk 0:00:52]} Kg4
{[%clk 0:00:42]} 46. Kg2 {[%clk 0:00:15]} Rd2+ {[%clk 0:00:50]} 47. Kf1
{[%clk 0:00:24]} Kxg3 {[%clk 0:00:56]} 48. Re6 {[%clk 0:00:30]} e4
{[%clk 0:01:02]} 49. Re5 {[%clk 0:00:26]} Kg4 {[%clk 0:00:48]} 50. h5
{[%clk 0:00:14]} h6 {[%clk 0:00:54]} 51. Ke1 {[%clk 0:00:22]} Ra2
{[%clk 0:00:58]} 52. Rxc5 {[%clk 0:00:31]} f4 {[%clk 0:01:05]} 53. Rc6
{[%clk 0:00:13]} Kf3 {[%clk 0:01:11]} 54. a6 {[%clk 0:00:17]} e3 {[%clk 0:01:15]}
55. Rd6 {[%clk 0:00:15]} Ra1+ {[%clk 0:01:17]} 56. Rd1 {[%clk 0:00:23]} Rxa6
{[%clk 0:01:26]} 57. Rc1 {[%clk 0:00:30]} Ra2 {[%clk 0:01:18]} 58. Kf1
{[%clk 0:00:34]} Rh2 {[%clk 0:01:12]} 59. Kg1 {[%clk 0:00:44]} Rxh5
{[%clk 0:01:19]} 60. c5 {[%clk 0:00:53]} Rg5+ {[%clk 0:01:23]} 61. Kh1
{[%clk 0:01:00]} Kf2 {[%clk 0:01:25]} 0-1

[Event "Rapid 2018"]
[Site "Saint-Petersburg"]
[Date "2018.12.28"]
[Round "12"]
[Board "84"]
[White "Makoveev Ilya (RUS)"]
[Black "Gordievsky Dmitry (RUS)"]
[Result "1-0"]
[LiveChessVersion "1.4.8"]
[BlackElo "2496"]
[WhiteElo "2173"]

1. e4 {[%clk 0:15:18]} c5 {[%clk 0:15:20]} 2. Nf3 {[%clk 0:15:27]} Nc6
{[%clk 0:15:29]} 3. Bb5 {[%clk 0:15:30]} g6 {[%clk 0:15:32]} 4. Bxc6
{[%clk 0:15:35]} bxc6 {[%clk 0:15:41]} 5. O-O {[%clk 0:15:43]} Bg7
{[%clk 0:15:50]} 6. Re1 {[%clk 0:15:47]} Nh6 {[%clk 0:15:29]} 7. c3
{[%clk 0:15:42]} O-O {[%clk 0:15:34]} 8. d4 {[%clk 0:15:51]} cxd4
{[%clk 0:15:34]} 9. cxd4 {[%clk 0:15:57]} d5 {[%clk 0:15:23]} 10. e5
{[%clk 0:13:44]} f6 {[%clk 0:15:30]} 11. e6 {[%clk 0:12:42]} Qd6 {[%clk 0:12:11]}
12. Qe2 {[%clk 0:12:04]} c5 {[%clk 0:12:14]} 13. Nc3 {[%clk 0:06:54]} Nf5
{[%clk 0:09:42]} 14. dxc5 {[%clk 0:06:07]} Qxc5 {[%clk 0:09:36]} 15. Qb5
{[%clk 0:02:17]} Qxb5 {[%clk 0:08:57]} 16. Nxb5 {[%clk 0:02:27]} Bb7
{[%clk 0:08:32]} 17. g4 {[%clk 0:01:40]} a6 {[%clk 0:08:00]} 18. gxf5
{[%clk 0:01:26]} axb5 {[%clk 0:08:08]} 19. Nd4 {[%clk 0:01:30]} Rfc8
{[%clk 0:06:04]} 20. Be3 {[%clk 0:01:34]} b4 {[%clk 0:05:57]} 21. Rec1
{[%clk 0:00:46]} Kf8 {[%clk 0:06:03]} 22. Rxc8+ {[%clk 0:00:47]} Rxc8
{[%clk 0:06:05]} 23. Rc1 {[%clk 0:00:56]} gxf5 {[%clk 0:04:23]} 24. Rxc8+
{[%clk 0:00:50]} Bxc8 {[%clk 0:04:32]} 25. f4 {[%clk 0:00:59]} b3
{[%clk 0:03:45]} 26. a4 {[%clk 0:00:24]} Ke8 {[%clk 0:03:49]} 27. Bd2
{[%clk 0:00:27]} Kd8 {[%clk 0:01:48]} 28. Ba5+ {[%clk 0:00:36]} Ke8
{[%clk 0:01:57]} 29. Kf2 {[%clk 0:00:34]} Bh6 {[%clk 0:02:04]} 30. Ke3
{[%clk 0:00:32]} Bf8 {[%clk 0:01:59]} 31. Kd2 {[%clk 0:00:29]} Bh6
{[%clk 0:02:05]} 32. Ke3 {[%clk 0:00:27]} Bf8 {[%clk 0:02:11]} 33. Bb6
{[%clk 0:00:24]} Bh6 {[%clk 0:02:08]} 34. a5 {[%clk 0:00:33]} Bf8
{[%clk 0:02:11]} 35. h3 {[%clk 0:00:16]} Bh6 {[%clk 0:02:09]} 36. h4
{[%clk 0:00:11]} Bg7 {[%clk 0:02:12]} 37. Bc7 {[%clk 0:00:14]} Bh6
{[%clk 0:02:08]} 38. Kd3 {[%clk 0:00:16]} Kf8 {[%clk 0:01:39]} 39. Kc3
{[%clk 0:00:21]} Bb7 {[%clk 0:01:28]} 40. Kxb3 {[%clk 0:00:22]} Kg7
{[%clk 0:01:37]} 41. h5 {[%clk 0:00:16]} 1-0